The All England Law Reports 1992 (Record no. 621657)

MARC details
000 -LEADER
fixed length control field 00465nam a22001817a 4500
008 - FIXED-LENGTH DATA ELEMENTS--GENERAL INFORMATION
fixed length control field 260430b |||||||| |||| 00| 0 eng d
020 ## - INTERNATIONAL STANDARD BOOK NUMBER
ISBN 9780406010001
Paper back/Hardbound hbk
041 ## - LANGUAGE CODE
Language code of text/sound track or separate title eng
082 ## - DEWEY DECIMAL CLASSIFICATION NUMBER
Classification number 348.42 ALL.1
245 ## - TITLE STATEMENT
Title The All England Law Reports 1992
Number of part/section of a work Vol. 1
260 ## - PUBLICATION, DISTRIBUTION, ETC. (IMPRINT)
Place of publication London
Name of publisher Butterworths
Year of publication 1992
300 ## - PHYSICAL DESCRIPTION
Number of Pages 992p. :
Dimensions 25cm
490 ## - SERIES STATEMENT
Volume number/sequential designation vol. 1
504 ## - BIBLIOGRAPHY, ETC. NOTE
Bibliography, etc Includes index
650 ## - SUBJECT ADDED ENTRY--TOPICAL TERM
Topical Term Laws, regulations & cases
942 ## - ADDED ENTRY ELEMENTS (KOHA)
Koha item type English Books
Holdings
Withdrawn status Lost status Damaged status Not for loan Home library Current library Shelving location Date acquired Full call number Accession Number Price effective from Koha item type
        Anna Centenary Library Anna Centenary Library 4TH FLOOR, A WING 28.12.2010 348.42 ALL.1 400790 30.04.2026 English Books

Find us on the map